000 00317nam a2200145Ia 4500
008 230718s9999 xx 000 0 und d
041 _aEng.
082 _a657.95
_bOWE-G
100 _aowen
245 0 _aGreen Reporting
260 _aPakistan
_bchanjan Hall
_c1982
300 _a298
650 _aLaw
999 _c26267
_d26267